000 00851cam a2200265 4500
001 M1427
008 090401t1993 xxu||||| |||| 00| 0 eng d
035 _a(Sirsi) u31904
041 _aeng
050 _a333.0062
090 _aRICS 1993/38A
110 _aRoyal Institution of Chartered Surveyors
_94900
245 _aMembers` Accounts Regulations 1993 and Accountant`s Reports Regulations 1993: introduction to the new regulations.
260 _aLondon
_bRICS
_c1993
300 _a7p. ; 30cm.
350 _a0
520 _aThe new regulations take effect on 1 January 1994.
650 _aACCOUNTANTS REPORTS REGULATIONS
650 _aABOUT RICS-RICS MEMBERS
650 _aCLIENTS MONEY
650 _aRICS MEMBERS' ACCOUNTS RULES
690 _aMANAGEMENT-BUSINESS MANAGEMENT-PROFESSIONAL PRACTICE
942 _n0
948 _c04/03/1997
999 _c89644
_d89644